000 00202 a2200097 4500
001 49431
100 _aTrollape
245 _aBarchester Touers
260 _aLondon
_bJ M Dent
_c
090 _c31967
_d31967
942 _aNUST-CAE
_cM
_c24410
999 _c284504
_d284504